000
00302nam a2200121Ia 4500
008
150201s1988 xx 000 0 und d
082
_a
611
_b
E88S
100
_a
STERN,JACK
245
_a
ESSENTIALS OF GROSS-ANATOMY
260
_b
JAYPEE BROTHERS
_a
DELHI
_c
1988
650
_a
HUMAN ANATOMY
942
_2
ddc
_c
BK
999
_c
1014
_d
1014